01062pab a2200121 454500008003600000100001400036245004900050362003100099520072400130650002400854650004100878773002100919180718b xxu||||| |||| 00| 0 eng d aBhat R.L. aInternal migration of human capital in India a29(2) Jul-Sep 1993, p.1-24 aThe study of internal migration of human capital in a country like India, with its vast magnitude of educated and trained human resources, is always interesting. An analysis of the extent of internal geographical mobility amongst the degree holders in the three professional disciplines of i) Medicine; ii) Engineering and Technology; and iii) Agricultural Sciences and three non-professional discipline of i) Social sciences; ii) Languages; and iii) Commerce is presented here. The States from which the outmigration of these skills has taken place and the States that have attracted them have been identified. An investigation into the possible reasons for outmigration of the highly educated manpower belonging to th a Migration -- India aEmmigration and Immigration -- India aManpower Journal